El eternauta : y otras historias /

Guardado en:
Autor Principal: Oesterheld, Héctor Germán
Otros Autores: Breccia, Alberto
Formato: Libro
Publicado: Buenos Aires : Colihue, 2014
Series:Narrativa dibujada. Enedé serie del Aventurador
Materias:
Etiquetas: Agregar Etiqueta
Sin Etiquetas, Sea el primero en etiquetar este registro!
LEADER 01667nam a22003615a 4500
001 CEM.cems015135
005 20191002160259.0
008 130507s2014##################000#0#####d
003 CEMS
020 |a 9789876848275 
082 0 4 |a A868.4 
100 1 |a Oesterheld, Héctor Germán 
245 1 0 |a El eternauta :  |b y otras historias /  |c Héctor Germán Oesterheld ; ilustrado Por Alberto Breccia 
260 |a Buenos Aires :  |b Colihue,  |c 2014 
300 |a 128 p. 
490 0 |a Narrativa dibujada. Enedé serie del Aventurador 
505 0 |a Ernie Pike: Kumba -- Ernie Pike: Gas -- Ernie Pike: El amuleto -- Arena ... sol ... -- Doctor Morgue -- Fantasmas -- Richard Long -- El Eternauta 
653 |a Literatura 
653 |a Literatura argentina 
653 |a Literatura infantil 
653 |a Cuentos infantiles 
653 |a Colección ciencias de la educación 
653 |a Novela gráfica 
700 1 |a Breccia, Alberto 
859 |a CEMS  |b BIB. CEMS - Ccias. Educacion  |h A868.4  |i Oe8  |k CE  |p 28133.19  |t Ej.1 
859 |a CEMS  |b BIB. CEMS - Ccias. Educacion  |h A868.4  |i Oe8  |k CE  |p 28134.19  |t Ej.2 
859 |a CEMS  |b BIB. CEMS - Ccias. Educacion  |h A868.4  |i Oe8  |k CE  |p 28135.19  |t Ej.3 
859 |a CEMS  |b BIB. CEMS - Ccias. Educacion  |h A868.4  |i Oe8  |k CE  |p 28136.19  |t Ej.4 
859 |a CEMS  |b BIB. CEMS - Ccias. Educacion  |h A868.4  |i Oe8  |k CE  |p 28137.19  |t Ej.5 
859 |a CEMS  |b BIB. CEMS - Ccias. Educacion  |h A868.4  |i Oe8  |k CE  |p 28138.19  |t Ej.6 
859 |a CEMS  |b BIB. CEMS - Ccias. Educacion  |h A868.4  |i Oe8  |k CE  |p 28228.19  |t Ej.7 
859 |a CEMS  |b BIB. CEMS - Ccias. Educacion  |h A868.4  |i Oe8  |k CE  |p 28229.19  |t Ej.8 
859 |a CEMS  |b BIB. CEMS - Ccias. Educacion  |h A868.4  |i Oe8  |k CE  |p 28230.19  |t Ej.9